| 000 | 01295nas a2200277Ia 4500 | ||
|---|---|---|---|
| 001 | R050-S1217 | ||
| 003 | IT-CnALBA | ||
| 008 | 170116c99999999xx |||||||||||| ||und|| | ||
| 040 |
_aIT-CnALBA _cIT-CnALBA |
||
| 041 | _aITALIANO | ||
| 100 | _aQUAGLINI MARIA AGNES | ||
| 210 | _aCATECHISTI PARROCCHIALI | ||
| 222 | _aCATECHISTI PARROCCHIALI | ||
| 245 | 0 | _aCATECHISTI PARROCCHIALI. VIA VERITÀ VITA. MARZO 1969. | |
| 250 | _a1a ed. | ||
| 260 |
_a ROMA _bCENTRO CATECHISTICO PAOLINO _c1969 [1° Ed.:1969 - Ed.Ling.Originale: 1969] |
||
| 300 | _a32 p. | ||
| 310 | _aMENSILE | ||
| 362 | _aFascicolo: 3 / Anno: 6 (1969) | ||
| 500 | _aINIZIAZIONE SACRAMENTI. DIALOGO PER CORRISPONDENZA. ESPERIENZE IN PARROCCHIA. GRUPPO DI CATECHISTI. CRISTO E IL PADRE. UNA COSA SOLA. SEGNI LITURGICI. TESTAMENTO. CATECHISMO AI PREADOLESCENTI. LIBERTÀ RELIGIOSA. SEGNALAZIONI. | ||
| 501 | _aSocietà San Paolo EM - Piazza San Paolo, 14 - 12051 ALBA (CN) (non commercial uses only) ® Copyright 2017 | ||
| 520 | _aINIZIAZIONE SACRAMENTI. DIALOGO PER CORRISPONDENZA. ESPERIENZE IN PARROCCHIA. GRUPPO DI CATECHISTI. CRISTO E IL PADRE. UNA COSA SOLA. SEGNI LITURGICI. TESTAMENTO. CATECHISMO AI PREADOLESCENTI. LIBERTÀ RELIGIOSA. SEGNALAZIONI. | ||
| 650 | _aCATECHESI | ||
| 942 | _cCR | ||
| 957 | _71 | ||
| 999 |
_a62783 _bNO _g1 _c329809 _d329809 |
||